Output and employment in the construction industry (Record no. 76639)

MARC details
000 -LEADER
fixed length control field 01243cab a2200217 4500
001 - CONTROL NUMBER
control field ##L132802
008 - FIXED-LENGTH DATA ELEMENTS--GENERAL INFORMATION
fixed length control field 060309n2006 000 0 eng u
035 ## - SYSTEM CONTROL NUMBER
System control number (Sirsi) u132802
041 0# - LANGUAGE CODE
Language code of text/sound track or separate title eng
110 1# - MAIN ENTRY--CORPORATE NAME
Corporate name or jurisdiction name as entry element United Kingdom
Subordinate unit Department of Trade and Industry
245 00 - TITLE STATEMENT
Title Output and employment in the construction industry
Remainder of title fourth quarter 2005
260 ## - PUBLICATION, DISTRIBUTION, ETC.
Date of publication, distribution, etc. 2006
490 #0 - SERIES STATEMENT
Series statement DTI Press Release
Volume/sequential designation (OEC - Q405) 8 March 2006
520 ## - SUMMARY, ETC.
Summary, etc. Construction output in 2005 fell by 1% compared to the previous year; output in the fourth quarter of 2005 was unchanged compared to the third quarter. The total volume of new work in 2005 was also 1% lower than in 2004, but rose by a similar percentage in the fourth quarter compared with the previous quarter. The number or employees (seasonally adjusted) in employment in October 2005 was 2% lower than in July, but showed an increase of 2% compared to October 2004.
590 ## - LOCAL NOTE (RLIN)
Local note IKA140306
650 24 - SUBJECT ADDED ENTRY--TOPICAL TERM
Topical term or geographic name entry element DBERR OUTPUT AND EMPLOYMENT IN THE CONSTRUCTION INDUSTRY
651 #4 - SUBJECT ADDED ENTRY--GEOGRAPHIC NAME
Geographic name GREAT BRITAIN
690 ## - LOCAL SUBJECT ADDED ENTRY--TOPICAL TERM (OCLC, RLIN)
Topical term or geographic name as entry element BUILT ENVIRONMENT-CONSTRUCTION MARKET
856 40 - ELECTRONIC LOCATION AND ACCESS
Uniform Resource Identifier <a href="https://www.gnn.gov.uk/Content/Detail.asp?ReleaseID=224057&NewsAreaID=2">https://www.gnn.gov.uk/Content/Detail.asp?ReleaseID=224057&NewsAreaID=2</a>
Public note View the item free of charge at www.gnn.gov.uk...
942 ## - ADDED ENTRY ELEMENTS (KOHA)
Suppress in OPAC 0
Holdings
Withdrawn status Lost status Source of classification or shelving scheme Damaged status Not for loan Home library Current library Shelving location Date acquired Total Checkouts Full call number Barcode Date last seen Copy number Price effective from Koha item type
    Dewey Decimal Classification     Virtual Virtual Online 09/03/2006   ONLINE PUBLICATION 132802-2001 06/08/2019 1 06/08/2019 Journal article